000 00298nam a22001337a 4500
008 190205b xxu||||| |||| 00| 0 eng d
020 _a0820310190
041 _aeng
080 _a316
100 _a50
101 _aSOC
245 _aSouthern Sociological Society
_cSimpson, I.H
942 _2udc
_cBK
999 _c54036
_d54036